000 01317nam a2200205Ii 4500
003 JO-AjNU
008 230605s9999||||xx |||||||||||||| ||und||
017 _a1998/6/994
040 _aJO-AjNU
_bara
_erda
_cJO-AjNU
041 _aara
050 1 4 _aDS154.53.W37 1998
100 3 _aعبدالله بن الحسين بن علي، ملك الأردن، 1988 - 1951؛ اشراف البخيت، محمد عدنان، جمع وإعداد محمد عدنان البخيت، جمع وإعداد هند غسان أبو الشعر، جمع وإعداد نوفان رجا السوارية، جمع وإعداد بكر خازر المجالي,
_eauthor
_955605
245 0 0 _aالوثائق الهاشمية: أوراق عبدالله بن الحسين : العلاقات الاردنية - المصرية 1344- 1371هجري/1925-1951م، مج 12
264 3 1 _aالمفرق، الأردن: جامعة ال البيت، 1998
300 _aمج 12، 543ص
336 _atext
_btxt
_2rdacontent
337 _aunmediated
_bn
_2rdamedia
338 _avolume
_bnc
_2rdacarrier
650 4 _aالاردن - تاريخ - عبدالله بن الحسين الاول، 1921 - 1951، الاردن - تاريخ - عبدالله بن الحسين الاول، 1988 - 1951- العلاقات الاردنية - المصرية 1925 -1951
_955606
999 _aA24815
_c28383
_d28383